000 00490nam a22001817a 4500
003 MPLRDC
005 20220104164029.0
008 210129b ||||| |||| 00| 0 eng d
020 _a0-19-860258-8
082 _a805.13 OXF 2000
100 _aBOPING YUAN 等人
245 _aTHE OXFORD STARTER CHINESE DICTIONARY
_c
250 _a初版
260 _aUNITED STATES
_bOXFORD UNIVERSITY PRESS INC. NEW YORK
_c2000
300 _b
650 _aDICTIONARY
942 _cBK
_o805.13 OXF 2000
999 _c56765
_d56755